000 00273nam a22001337a 4500
082 _a030
_bBAR/G
100 _aBARRETT
100 _aWEINTROUB
245 _aGERBILS
260 _aLONDON
_bFRANKLIN WATTS
300 _a32
650 _aGENERAL AWARENESS
_zLONDON
942 _cBK
999 _c3089
_d3089